000 00454nam a2200157 a 4500
005 20140412111411.0
008 070216s19uu xx 00 eng d
020 _a0-00-718408-5
050 _aTR(PS E
_bLe56 2006
100 _aStanley, Mandy
245 _aLettice: the birthday party /
_cMandy Stanley.
260 _aLondon :
_bHarper collins children's books,
_c2006.
650 _aBirthdays- fiction
650 _aChildren stories
999 _c105698
_d105698